Click on Flights by Ascending Flight Time - Statistics

General Stats
  • This quiz has been taken 14 times
  • The average score is 4 of 17
Answer Stats
Hint Answer % Correct
1 Hour London to Brussels
70%
2 Hours Rome to Vienna
60%
5 Hours Dakar to Tunis
50%
30 Minutes Kinshasa to Brazzaville
50%
7 Hours Miami to Seattle
40%
19 Hours New York to Singapore
40%
15 Hours San Francisco to Sydney
40%
4 Hours Manila to Chengdu
20%
14 Hours Melbourne to Dubai
20%
9 Hours Mexico City to Buenos Aires
20%
6 Hours Los Angeles to Honolulu
10%
3 Hours Shanghai to Tokyo
10%
8 Hours Addis Ababa to Stockholm
0%
11 Hours Jakarta to Cairo
0%
13 Hours Johannesburg to Hong Kong
0%
10 Hours Montreal to Sao Paulo
0%
12 Hours Toronto to Jeddah
0%
No matching quizzes found
Score Distribution
Percent of People with Each Score
Percentile by Number Answered
Your Score History
You have not taken this quiz